| 000 | nam a22 a 4500 | ||
|---|---|---|---|
| 999 |
_c3809 _d3809 |
||
| 003 | AKMAL | ||
| 005 | 20170524090611.0 | ||
| 008 | 170524s1984 -us 00 eng d | ||
| 020 |
_cCIP entry _a0442224826 |
||
| 040 | _cAKMAL | ||
| 082 | 0 | 4 |
_a808.02 FIS _219 |
| 090 |
_a808.02 _bFIS |
||
| 100 | 1 |
_aFischel, Daniel N. _97541 |
|
| 245 | 1 | 2 |
_aA practical guide to writing and publishing professional books : _bbusiness, technical, scientific, scholarly / _cDaniel N. Fischel |
| 260 |
_aNew York, N.Y. : _bVan Nostrand Reinhold, _cc1984 |
||
| 300 | 0 | 0 |
_avii, 289p. ; _c24cm |
| 500 | _aIndex: p.281-289 | ||
| 650 | 0 |
_aAuthorship _97498 |
|
| 942 |
_2ddc _cBOOK |
||